Secularism as Misdirection: (Record no. 211962)

MARC details
000 -LEADER
fixed length control field 00586nam a22001937a 4500
005 - DATE AND TIME OF LATEST TRANSACTION
control field 20250626105540.0
010 ## - LCCN (DPL NO)
LC control number ENG-145576
020 ## - INTERNATIONAL STANDARD BOOK NUMBER
International Standard Book Number 9788178246703
Terms of availability 1095.00
035 ## - SYSTEM CONTROL NUMBER
System control number EN-129108
037 ## - SOURCE OF ACQUISITION
Stock number DBAD
082 ## - DEWEY DECIMAL CLASSIFICATION NUMBER
Classification number 320.454
Edition number 1
100 ## - MAIN ENTRY--PERSONAL NAME
Personal name Menon, Nivedita
245 ## - TITLE STATEMENT
Title Secularism as Misdirection:
Remainder of title Critical Thought from the Global South/
Statement of responsibility, etc Nivedita Menon
250 ## - EDITION STATEMENT
Edition statement 1
260 ## - PUBLICATION, DISTRIBUTION, ETC. (IMPRINT)
Place of publication, distribution, etc Hyderabad
Name of publisher, distributor, etc Orient BlackSwan
Date of publication, distribution, etc 2023
270 ## - ADDRESS
Address 3-6-752 Himayatnagar,
City Hyderabad
Postal code 500029
300 ## - PHYSICAL DESCRIPTION
Extent 478p.
Dimensions 23cm(hb)
942 ## - ADDED ENTRY ELEMENTS (KOHA)
Source of classification or shelving scheme Dewey Decimal Classification
Item type English Books
Call number suffix MEN
Classification part 320.454
Holdings
Withdrawn status Lost status Not for loan Collection code Home library Current library Date acquired Source of acquisition Cost, normal purchase price Full call number Barcode Copy number Cost, replacement price Koha item type
      Non-fiction Mobile Library Mobile Library 26/06/2025 Delivery of Books Act Division 1095.00 MEN 320.454 EN-129108 1 1095.00 English Books

© Delhi Public Library
Hit Counter
free hit counter